000 00385nam a2200169Ia 4500
003 0STCL
008 150530s9999 xx 000 0 und d
040 _aSTCL
_cSTCL
100 _aJohnson; Cruttwel, P.; Editor
245 _aSelected writing
250 _aFirst
260 _bPenguin books
_c0
546 _aEnglish
942 _2ddc
_cBK
999 _c60497
_d60497
005 20220125171136.0